Normal view
MARC view
- What happened to the architectural manifesto? (Symposium)
Entry Meeting Name
001 - CONTROL NUMBER
- control field: 120834
003 - CONTROL NUMBER IDENTIFIER
- control field: NUST
005 - DATE AND TIME OF LATEST TRANSACTION
- control field: 20240220143618.0
008 - FIXED-LENGTH DATA ELEMENTS
- fixed length control field: 240220|| aca||aabn | a|a d
040 ## - CATALOGING SOURCE
- Original cataloging agency: NUST
- Transcribing agency: NUST
111 ## - HEADING--MEETING NAME
- Meeting name or jurisdiction name as entry element: What happened to the architectural manifesto? (Symposium)
- Date of meeting: (2011 :
- Location of meeting: Columbia University, Graduate School of Architecture, Planning and Preservation),
- Relator term: author
670 ## - SOURCE DATA FOUND
- Source citation: Work cat.: (NUST): What happened to the architectural manifesto? (Symposium) (2011 : Columbia University, Graduate School of Architecture, Planning and Preservation), author., After the manifesto :, 2014.
